Normal view
MARC view
- Bantock, Nick.
Entry Personal Name
001 - CONTROL NUMBER
- control field: 7911
003 - CONTROL NUMBER IDENTIFIER
- control field: NUST
005 - DATE AND TIME OF LATEST TRANSACTION
- control field: 20180101140934.0
008 - FIXED-LENGTH DATA ELEMENTS
- fixed length control field: 180101|| aca||aabn | a|a d
040 ## - CATALOGING SOURCE
- Original cataloging agency: NUST
- Transcribing agency: NUST
100 ## - HEADING--PERSONAL NAME
- Personal name: Bantock, Nick.
670 ## - SOURCE DATA FOUND
- Source citation: Work cat.: (NUST)0: Bantock, Nick., The Venetian's wife :, 1996.
